| 000 | 00751nam a2200241 a 4500 | ||
|---|---|---|---|
| 001 | 0001-0950 | ||
| 003 | ELIB.Books | ||
| 008 | 140909 2010 eng | ||
| 020 | _aKBTS | ||
| 035 | _a(ELIB.Books)0001-1104 | ||
| 092 |
_aThesis _bPet |
||
| 100 | _aPeter Jackson, Saw | ||
| 245 |
_aKaren Baptist Theological Seminary Leadership Management _bfor Church Perfection to Fulfill the Goal of the Karen Baptist Convention Second Phase (21st Century) |
||
| 260 |
_aKBTS; Insein _bKaren Baptist Theological Seminary _c2014 |
||
| 300 | _c29.7 Cm | ||
| 500 | _aPeter Jackson, Saw | ||
| 650 | _aThesis | ||
| 856 |
_nKBTS; Library _uKBTS; Elib. |
||
| 942 |
_2ddc _cBK |
||
| 990 | _a1 | ||
| 998 |
_cbat _e2014-09-09 |
||
| 999 |
_c10950 _d10950 |
||